| 000 | 00379nam a22001457a 4500 | ||
|---|---|---|---|
| 020 | _c9780414042384 | ||
| 082 |
_a330.03 _bSME |
||
| 100 | _aSmerdon. Richard | ||
| 245 |
_aA Practical Guide to Corporate Governance / _cRichard Smerdon |
||
| 250 | _a4th Edition. | ||
| 260 |
_aEngland: _bThomson Reuters, _c2010. |
||
| 300 | _a837 p. | ||
| 563 | _aHB. | ||
| 942 |
_2ddc _cBK |
||
| 999 |
_c613987 _d613987 |
||